|
|
|
|
| LEADER |
00000naa2a2200000 4500 |
| 001 |
90320 |
| 005 |
20231101213716.0 |
| 035 |
|
|
|a (RuTPU)RU\TPU\book\96858
|
| 090 |
|
|
|a 90320
|
| 100 |
|
|
|a 20060208d2002 k y0rusy50 ca
|
| 101 |
0 |
|
|a rus
|
| 102 |
|
|
|a RU
|
| 200 |
1 |
|
|a Исследование стойкости датчиков магнитной индукции при облучении гамма-квантами
|f А. В. Градобоев, Г. Ф. Карлова
|
| 320 |
|
|
|a Библиогр.: 5 назв.
|
| 463 |
|
0 |
|0 (RuTPU)RU\TPU\book\50367
|t Радиационно-термические эффекты и процессы в неорганических материалах
|o труды III Международной конференции , Томск, 29 июля - 3 августа 2002 г.
|f Российская Академия естественных наук; Томский политехнический университет; Алтайский государственный технический университет; Бурятский научный центр
|v С. 332-335.
|d 2002
|p 390 с.
|
| 610 |
1 |
|
|a датчики
|
| 610 |
1 |
|
|a магнитная индукция
|
| 610 |
1 |
|
|a облучение
|
| 610 |
1 |
|
|a гамма-кванты
|
| 610 |
1 |
|
|a стойкость
|
| 610 |
1 |
|
|a труды учёных ТПУ
|
| 700 |
|
1 |
|a Градобоев
|b А. В.
|c физик
|c профессор Юргинского технологического института (филиала) Томского политехнического университета, доктор технических наук
|f 1952-
|g Александр Васильевич
|2 stltpush
|3 (RuTPU)RU\TPU\pers\24213
|9 10707
|
| 701 |
|
1 |
|a Карлова
|b Г. Ф.
|
| 801 |
|
1 |
|a RU
|b 63413507
|c 20060208
|g PSBO
|
| 801 |
|
2 |
|a RU
|b 63413507
|c 20160809
|g RCR
|
| 942 |
|
|
|c BK
|